| 000 | 00704cam a2200217 i 4500 | ||
|---|---|---|---|
| 999 |
_c12193 _d12193 |
||
| 003 | OSt | ||
| 005 | 20240117160450.0 | ||
| 008 | 140312s2014 vtua b 001 0 eng | ||
| 020 | _a9781848221369 (hardcover : alk. paper) | ||
| 042 | _apcc | ||
| 043 | _an-us--- | ||
| 050 | 0 | 0 |
_aNB237.B575 _bW55 2014 |
| 082 | 0 | 0 |
_a780.92 _223 |
| 100 | 1 |
_aWilkin, Karen, _d1940- |
|
| 245 | 1 | 0 |
_aWillard Boepple sculpture : _bthe sense of things / _cKaren Wilkin. |
| 300 |
_a112 pages : _billustrations, (color) ; _c28 cm |
||
| 504 | _aIncludes bibliographical references and index. | ||
| 600 | 1 | 0 |
_aBoepple, Willard, _d1945- _xCriticism and interpretation. |
| 650 | 0 |
_aSculpture, Abstract _zUnited States. |
|
| 942 | _2ddc | ||